Statystyki dla Wszystkie odmiany jabłoni/jabłek według Wikipedii

Kliknij tutaj aby rozwiązać quiz!

Ogólne statystyki

  • Ten quiz został rozwiązany 3 razy
  • Średni wynik to 3 z 55

Statystyki odpowiedzi

kraj pochodzeniaodmiana% Poprawnych
RosjaAntonówka
100%
Kraje BałtyckiePapierówka
100%
CzechyRubin
50%
Wielka BrytaniaAdams's Pearmain
0%
JaponiaAkane
0%
NiemcyAlkmene
0%
PolskaAlwa
0%
LitwaAnanas Berżenicki
0%
SzwajcariaArlet
0%
KanadaBankroft
0%
NiemcyBoiken
0%
Holandia/NiderlandyBoskoop
0%
NiemcyBraeburn
0%
USAClose
0%
USACortland
0%
FrancjaDelbarestivale/
Delcorf
0%
PolskaDelikates
0%
Wielka Brytania/AngliaDiscovery
0%
USAEarly Geneva
0%
Holandia/NiderlandyElstar
0%
PolskaFantazja
0%
Wielka Brytania/AngliaFiesta
0%
FrancjaFlorina
0%
JaponiaFuji
0%
Nowa ZelandiaGala
0%
NiemcyGloster
0%
USAGolden Delicious
0%
CzechyGoldstar
0%
AustraliaGranny Smith[
0%
NiemcyGrochówka
0%
USAIdared
0%
Wielka Brytania/SzkocjaJames Grieve
0%
USAJonagold
0%
SzwecjaKatja
0%
Wielka Brytania/AngliaKoksa Pomarańczowa
0%
PolskaKosztela
0%
FrancjaKronselska
0%
PolskaLigol
0%
KanadaLobo
0%
USAMacoun
0%
NiemcyMalinowa Oberlandzka
0%
KanadaMcIntosh
0%
USAMelrose
0%
USAPaulared
0%
NiemcyPinova
0%
FrancjaPriam
0%
CzechyRajka
0%
brak krajuReneta
0%
Belgia lub HolandiaReneta Ananasowa
0%
NiemcyReneta Landsberska
0%
SzwajcariaRubinette
0%
CzechyRubinola
0%
KanadaSpartan
0%
CzechySzampion
0%
CzechyTopaz
0%

Rozkład punktacji

Percentyl według liczby udzielonych odpowiedzi

Procent ludzi z każdym wynikiem

Twoja historia wyników

Nie rozwiązałeś tego quizu